Stroje a zařízení pro 2. a 3. ročník SOU : učební obor brusič techn. a šperkového kamene /

Hlavní autor: Čech, Svatopluk
Jazyk: Čeština
Vydáno: Praha : SPN, 1985
Vydání: 1. vyd.
Edice: Učebnice pro střední školy
Fyzický popis: 121 s. : obr., [44] s. fot. ; 30 cm
Knihy
Uloženo v:
LEADER 00937nam a22002892a 4500
001 000872863
003 CZ BrMZK
005 20071027155753.0
007 ta
008 071027s1985 xr af er|||||||||||cze d
015 |a cnb000027579 
020 |q (Brož.) :  |c 14 Kčs 
035 |a (OCoLC)39598337 
040 |a ABA001  |b cze  |d ABA001 
080 9 |a 679.8.052.002.5 
100 1 |a Čech, Svatopluk  |7 jn19981002541  |4 aut 
245 1 0 |a Stroje a zařízení pro 2. a 3. ročník SOU :  |b učební obor brusič techn. a šperkového kamene /  |c Svatopluk Čech 
250 |a 1. vyd. 
260 |a Praha :  |b SPN,  |c 1985 
300 |a 121 s. :  |b obr., [44] s. fot. ;  |c 30 cm 
490 1 |a Učebnice pro střední školy 
500 |a 600 výt. 
830 0 |a Učebnice pro střední školy 
910 |a BOA001  |b 4-0890.745 
990 |a BK 
991 |b 200710 
996 6 |b BC-491374  |c 4-0890.745  |l MZK  |r Sklad / do 1 hodiny  |n 0  |w 000872863  |u 000010  |a 1  |e BOA001  |j MZK50  |s P